City to Country #1 - Multiple Choice - Statistics

General Stats
  • This quiz has been taken 53 times
  • The average score is 11 of 15
Answer Stats
Question Answer % Correct
Cairo Egypt
100%
Berlin Germany
100%
Lilongwe Malawi
96%
Havana Cuba
92%
Tallinn Estonia
92%
Lagos Nigeria
88%
Yerevan Armenia
84%
Luanda Angola
76%
Karachi Pakistan
76%
Georgetown Guyana
60%
Schaan Liechtenstein
52%
Bujumbura Burundi
44%
Weno Federated States of Micronesia
44%
Koror Palau
40%
Kingstown St. Vincent and the Grenadines
40%
No matching quizzes found
Score Distribution
Percent of People with Each Score
Percentile by Number Answered
Your Score History
You have not taken this quiz